Wortbildungsmorphologie in der englischen Sprache

Salvato in:
Dettagli Bibliografici
Autore principale: Adamcová, Silvia, 1984-
Natura: Capitolo di libro
Lingua:tedesco
Tags: Aggiungi Tag
Nessun Tag, puoi essere il primo ad aggiungerne!!

MARC

LEADER 00000naa$a2200000$$$4500
001 0262478
005 20240502083754.0
041 0 |a ger 
044 |a DE 
245 1 0 |a Wortbildungsmorphologie in der englischen Sprache  |c Silvia Adamcová 
100 1 |a Adamcová, Silvia, 1984-